Music Quiz

Random Music Quiz

Wherever you are lyrics- 5 seconds of summer Quiz Stats

Quiz not verified by Sporcle

Challenge
Share
Tweet
Embed
Score 0/224 Timer 10:00
2 Plays Today
Answer % Correct
you
98.4%
you
98.4%
you
98.4%
you
98.4%
you
98.4%
you
98.4%
you
98.4%
you
98.4%
you
98.4%
you
98.4%
you
98.4%
you
98.4%
you
98.4%
you
98.4%
you
98.4%
you
98.4%
you
98.4%
you
98.4%
you
98.4%
you
98.4%
you
98.4%
you
98.4%
you
98.4%
you
98.4%
to
97.7%
to
97.7%
to
97.7%
to
97.7%
to
97.7%
to
97.7%
to
97.7%
to
97.7%
it
97.4%
it
97.4%
it
97.4%
it
97.4%
it
97.4%
we
97.1%
we
97.1%
we
97.1%
we
97.1%
wherever
96.7%
are
96.7%
wherever
96.7%
are
96.7%
wherever
96.7%
are
96.7%
wherever
96.7%
are
96.7%
wherever
96.7%
are
96.7%
wherever
96.7%
are
96.7%
wherever
96.7%
are
96.7%
wherever
96.7%
are
96.7%
the
96.5%
the
96.5%
the
96.5%
the
96.5%
say
96.3%
say
96.3%
say
96.3%
say
96.3%
say
96.3%
but
95.9%
but
95.9%
but
95.9%
but
95.9%
but
95.9%
but'
95.9%
in
95.6%
in
95.6%
in
95.6%
Answer % Correct
just
95.3%
just
95.3%
just
95.3%
just
95.3%
just
95.3%
for
95%
that
94.9%
that
94.9%
know
94.7%
know
94.7%
know
94.7%
know
94.7%
had
94.4%
had
94.4%
cant
94.3%
cant
94.3%
can
94.3%
cant
94.3%
cant
94.3%
and
94.2%
and
94.2%
and
94.2%
and
94.2%
at
94%
stop
94%
stop
94%
stop
94%
stop
94%
airport
93.9%
be
93.9%
be
93.9%
be
93.9%
be
93.9%
be
93.9%
i
93.8%
i
93.8%
i
93.8%
i
93.8%
thinking
93.8%
i
93.8%
i
93.8%
i
93.8%
i
93.8%
i
93.8%
i
93.8%
i
93.8%
i
93.8%
i
93.8%
thinking
93.8%
i
93.8%
i
93.8%
i
93.8%
i
93.8%
thinking
93.8%
i
93.8%
were
93.7%
crying
93.7%
end
93.5%
while
93.4%
never
93.4%
of
93.4%
of
93.4%
of
93.4%
goodbye
93.2%
two
93.1%
two
93.1%
two
93.1%
when
93%
plane
93%
door
93%
shouldn't
92.9%
shouldn't
92.9%
shouldn't
92.9%
pretended
92.6%
tell
92.6%
Answer % Correct
tell
92.6%
tell
92.6%
they
92.6%
knew
92.4%
torn
92.4%
torn
92.4%
torn
92.2%
closed
92.1%
have
92%
have
92%
call
91.9%
call
91.9%
call
91.9%
will
91.8%
will
91.8%
will
91.8%
could
91.7%
every
91.7%
always
91.7%
could
91.7%
every
91.7%
always
91.7%
every
91.7%
always
91.7%
night
91.6%
night
91.6%
night
91.6%
finally
91.5%
a
91.4%
a
91.4%
all
91.3%
almost
90.9%
almost
90.9%
almost
90.9%
so
89.9%
so
89.9%
hold
89.8%
inside
89.8%
nothing
89.5%
nothing
89.5%
nothing
89.5%
thousand
87.2%
oceans
87.2%
alone
87.1%
what
86.9%
walk
86.9%
we'd
86.8%
barely
86.8%
fly
86%
on
85.7%
compares
85.3%
want
85.3%
dont
84.8%
this
84.8%
theres
84.8%
is
84.8%
forever
84.6%
same
84.4%
wish
84.3%
together
84.1%
didn't
83.9%
truth
83.8%
stays
83.7%
way
83.7%
well
83.6%
why
83.4%
moved
83.4%
feeling
83.1%
lasts
82.6%
someday
82.6%
already
81.5%
you've
81%
gone
80.8%
maybe
80.4%

You're not logged in!

Compare scores with friends on all Sporcle quizzes.
Join for Free
OR
Log In

You Might Also Like...

Show Comments

Extras

Created Oct 9, 2014ReportNominate
Tags:5 Seconds of Summer

Top Quizzes Today


Score Distribution

Your Account Isn't Verified!

In order to create a playlist on Sporcle, you need to verify the email address you used during registration. Go to your Sporcle Settings to finish the process.

Report this User

Report this user for behavior that violates our Community Guidelines.

Details: